| 000 | 00461nam a22001817a 4500 | ||
|---|---|---|---|
| 005 | 20230819142619.0 | ||
| 008 | 230816b |||||||| |||| 00| 0 eng d | ||
| 020 | _a81-7473-090-7 | ||
| 041 | _aeng | ||
| 082 | _a150 FER-M | ||
| 100 |
_aFERNALD, L. DODGE AND FERNALD, PETER S. _98034 |
||
| 245 | _aMUNN'S INTRODUCTION TO PSYCHOLOGY | ||
| 250 | _a5TH, ED. | ||
| 260 |
_aINDIA _bAITBS PUBLISHERS _c2021 |
||
| 300 | _a643;p | ||
| 650 |
_aBPT _98035 |
||
| 942 | _cBK | ||
| 999 |
_c8350 _d8348 |
||